[Event "Niedersachsen-ch op A"]
[Site "Verden"]
[Date "2019.01.03"]
[Round "2"]
[White "Harms, Friedjof"]
[Black "Behn, Cord"]
[Result "0-1"]
[WhiteElo "1855"]
[BlackElo "1709"]
[PlyCount "69"]
[EventDate "2019.01.03"]
[EventType "swiss"]
[EventRounds "7"]
[EventCountry "GER"]
[SourceTitle "EXT 2022"]
[Source "ChessBase"]
[SourceDate "2021.10.06"]
[SourceVersion "1"]
[SourceVersionDate "2021.10.06"]
[SourceQuality "1"]

1. e4 d6 2. d4 Nf6 3. Bd3 e5 4. c3 g6 5. Nf3 Nc6 6. Nbd2 Bg7 7. Nf1 0-0 8. Ng3 Bg4 9. Be3 d5 10. dxe5 Nxe5 11. exd5 Qxd5 12. Be2 Nxf3+ 13. Bxf3 Bxf3 14. Qxf3 Qxf3 15. gxf3 Rad8 16. Ke2 Nd5 17. Rad1 Rfe8 18. Rhe1 f5 19. c4 Nxe3 20. Rxd8 Rxd8 21. fxe3 Bxb2 22. Rb1 Bc3 23. Rb3 Rd2+ 24. Ke1 Ba5 25. Ne2 Rxa2+ 26. Kf2 Rc2 27. Rxb7 Bb6 28. Rb8+ Kg7 29. Rd8 Rxc4 30. Rd7+ Kh6 31. Re7 f4 32. Re6 Bxe3+ 33. Kf1 a5 34. Ra6 a4 35. Ra7 0-1

[Event "Lueneburg distr-ch Meister"]
[Site "Bergen"]
[Date "2018.10.12"]
[Round "4.3"]
[White "Harms, Friedjof"]
[Black "Hilck, Dirk"]
[Result "1/2-1/2"]
[WhiteElo "1925"]
[BlackElo "2025"]
[PlyCount "47"]
[EventDate "2018.10.11"]
[EventType "swiss"]
[EventRounds "7"]
[EventCountry "GER"]
[SourceTitle "EXT 2020"]
[Source "ChessBase"]
[SourceDate "2019.10.17"]
[SourceVersion "1"]
[SourceVersionDate "2019.10.17"]
[SourceQuality "1"]

1. e4 c6 2. d4 d5 3. exd5 cxd5 4. Bd3 Nc6 5. c3 Nf6 6. Bf4 Bg4 7. Qb3 Qc8 8. Nd2 g6 9. h3 Be6 10. Ngf3 Bg7 11. 0-0 0-0 12. Rfe1 h6 13. Re3 Na5 14. Qa3 Nc4 15. Bxc4 dxc4 16. Kh2 Nd5 17. Re2 Bf5 18. Ne5 b5 19. Qa5 Qd7 20. Nf1 b4 21. Ne3 Nxe3 22. fxe3 Bxe5 23. Bxe5 bxc3 24. Qxc3 1/2-1/2

[Event "Niedersachsen-ch op-A"]
[Site "Verden"]
[Date "2015.01.05"]
[Round "7"]
[White "Harms, Friedjof"]
[Black "Soellig, Martin"]
[Result "0-1"]
[WhiteElo "1835"]
[BlackElo "1893"]
[PlyCount "22"]
[EventDate "2015.01.02"]
[EventType "swiss"]
[EventRounds "7"]
[EventCountry "GER"]
[SourceTitle "EXT 2018"]
[Source "ChessBase"]
[SourceDate "2017.10.13"]
[SourceVersion "1"]
[SourceVersionDate "2017.10.13"]
[SourceQuality "1"]

1. e4 e6 2. d4 d5 3. Nc3 Bb4 4. e5 c5 5. a3 Bxc3+ 6. bxc3 Qc7 7. Qg4 f5 8. Qg3 cxd4 9. cxd4 Ne7 10. Qxg7 Rg8 11. Qxh7 Qc3+ 0-1

[Event "Niedersachsen-ch op-A"]
[Site "Verden"]
[Date "2015.01.03"]
[Round "3"]
[White "Harms, Friedjof"]
[Black "Gerland, Felix"]
[Result "0-1"]
[WhiteElo "1835"]
[BlackElo "2151"]
[PlyCount "206"]
[EventDate "2015.01.02"]
[EventType "swiss"]
[EventRounds "7"]
[EventCountry "GER"]
[SourceTitle "EXT 2018"]
[Source "ChessBase"]
[SourceDate "2017.10.13"]
[SourceVersion "1"]
[SourceVersionDate "2017.10.13"]
[SourceQuality "1"]

1. e4 c5 2. Nc3 g6 3. f4 Bg7 4. Nf3 e6 5. Bc4 Ne7 6. 0-0 Nbc6 7. a4 d5 8. Bb5 dxe4 9. Nxe4 0-0 10. Bxc6 Nxc6 11. Kh1 b6 12. Nc3 Bb7 13. d3 Qd7 14. Qe1 Rac8 15. Ne5 Qd8 16. Nxc6 Bxc6 17. b3 Bd4 18. Bb2 Qf6 19. Rb1 Rfd8 20. Ba1 Rc7 21. Ne4 Qf5 22. Qh4 Rdc8 23. Nf6+ Kg7 24. Ng4 h5 25. Ne3 Qf6 26. Qxf6+ Bxf6 27. Bxf6+ Kxf6 28. h4 Bd5 29. Kg1 Rd8 30. Rfd1 a6 31. Ra1 Rb8 32. Kf2 Rd7 33. g3 e5 34. Nxd5+ Rxd5 35. fxe5+ Rxe5 36. Re1 Rbe8 37. Rxe5 Rxe5 38. Re1 Rxe1 39. Kxe1 b5 40. axb5 axb5 41. c3 Ke5 42. Kd2 f6 43. Ke3 g5 44. b4 cxb4 45. cxb4 Kd5 46. d4 gxh4 47. gxh4 Kc4 48. Ke4 Kxb4 49. Kd5 Kc3 50. Kc5 b4 51. d5 b3 52. d6 b2 53. d7 b1Q 54. d8Q Qb4+ 55. Kc6 Qc4+ 56. Kb7 Qxh4 57. Qc7+ Kd3 58. Qd7+ Ke3 59. Qf7 Qe4+ 60. Ka7 h4 61. Qb3+ Kf4 62. Qb8+ Kf3 63. Qh2 f5 64. Qh3+ Ke2 65. Qh2+ Kd3 66. Ka6 Qc4+ 67. Ka5 Qg4 68. Qd6+ Ke2 69. Qh2+ Ke3 70. Qe5+ Qe4 71. Qc3+ Kf4 72. Qd2+ Kg4 73. Qd1+ Kg5 74. Qd8+ Kh5 75. Qh8+ Kg4 76. Qg7+ Kf3 77. Qc3+ Qe3 78. Qc6+ Kf4 79. Qc4+ Kg3 80. Qg8+ Kh3 81. Qc8 Qe5+ 82. Ka6 Qf6+ 83. Ka5 Kg4 84. Qg8+ Qg5 85. Qc8 h3 86. Qe6 Qd2+ 87. Ka6 Qd3+ 88. Ka5 Kf3 89. Qc6+ Qe4 90. Qc3+ Kg2 91. Qd2+ Kf1 92. Qh2 Qf3 93. Qd2 f4 94. Qc1+ Kg2 95. Qc2+ Kg3 96. Qg6+ Qg4 97. Qd6 Qf5+ 98. Ka6 h2 99. Qd1 Qg6+ 100. Ka5 f3 101. Qe1+ Kg2 102. Qd2+ f2 103. Qd5+ Kg1 0-1

[Event "Hamburg St Pauli op-B"]
[Site "Hamburg"]
[Date "2014.07.25"]
[Round "7"]
[White "Harms, Friedjof"]
[Black "Chmielewski, Axel"]
[Result "1/2-1/2"]
[WhiteElo "1866"]
[BlackElo "1810"]
[PlyCount "37"]
[EventDate "2014.07.19"]
[EventType "swiss"]
[EventRounds "9"]
[EventCountry "GER"]
[SourceTitle "CBM 161 Extra"]
[Source "ChessBase"]
[SourceDate "2014.08.29"]
[SourceVersion "1"]
[SourceVersionDate "2014.08.29"]
[SourceQuality "1"]

1. e4 e6 2. d4 d5 3. Nc3 Nf6 4. e5 Nfd7 5. f4 c5 6. Nf3 Nc6 7. Be3 cxd4 8. Nxd4 Bc5 9. Qd2 a6 10. a3 0-0 11. Be2 Nxd4 12. Bxd4 b5 13. 0-0 Qb6 14. Rad1 f6 15. exf6 Nxf6 16. Qe3 Bxd4 17. Qxd4 Qxd4+ 18. Rxd4 Bd7 19. g3 1/2-1/2

[Event "Kiel op 25th"]
[Site "Kiel"]
[Date "2012.07.30"]
[Round "5"]
[White "Harms, Friedjof"]
[Black "Quiring, Nikolai"]
[Result "0-1"]
[WhiteElo "1856"]
[BlackElo "2122"]
[PlyCount "66"]
[EventDate "2012.07.28"]
[EventType "swiss"]
[EventRounds "9"]
[EventCountry "GER"]
[SourceTitle "EXT 2015"]
[Source "ChessBase"]
[SourceDate "2014.11.20"]
[SourceVersion "1"]
[SourceVersionDate "2014.11.20"]
[SourceQuality "1"]

1. e4 e6 2. d4 d5 3. Nc3 Nf6 4. e5 Nfd7 5. f4 c5 6. Nf3 Qb6 7. Na4 Qa5+ 8. c3 c4 9. b4 cxb3 10. axb3 a6 11. Bd2 Qc7 12. Nb2 Nc6 13. Be2 Be7 14. 0-0 0-0 15. Ng5 h6 16. Nf3 Rd8 17. g4 f6 18. h4 fxe5 19. fxe5 Nf8 20. Bd3 Bd7 21. Qc1 Be8 22. Bxh6 Bg6 23. Bxg6 Nxg6 24. Bg5 Rf8 25. h5 Nh8 26. h6 g6 27. Qd2 Nf7 28. Qc2 Kh7 29. Be3 Rac8 30. Qd2 Na5 31. b4 Nb3 32. Qd3 Nxa1 33. Rxa1 Qxc3 0-1

[Event "Niedersachsen-ch op-B"]
[Site "Verden"]
[Date "2012.01.04"]
[Round "5"]
[White "Harms, Friedjof"]
[Black "Finke, Maurice"]
[Result "0-1"]
[WhiteElo "1712"]
[BlackElo "1896"]
[PlyCount "70"]
[EventDate "2012.01.02"]
[EventType "swiss"]
[EventRounds "7"]
[EventCountry "GER"]
[SourceTitle "EXT 2021"]
[Source "ChessBase"]
[SourceDate "2020.10.23"]
[SourceVersion "1"]
[SourceVersionDate "2020.10.23"]
[SourceQuality "1"]

1. e4 c5 2. Bc4 e6 3. Nc3 Nc6 4. Nf3 a6 5. a4 g6 6. d4 cxd4 7. Nxd4 Bg7 8. Nde2 Nge7 9. 0-0 0-0 10. h3 b6 11. Bf4 Ne5 12. Bb3 d6 13. Qd2 Qc7 14. Bh6 Bxh6 15. Qxh6 Bb7 16. Nf4 d5 17. exd5 Nf5 18. Qg5 h6 19. Qf6 Nd7 20. Nxe6 Qc8 21. Ne4 Nxf6 22. Nxf6+ Kh8 23. Nxf8 Qxf8 24. Rad1 Kg7 25. Ng4 Qe7 26. Rfe1 Qg5 27. Ne3 Nxe3 28. fxe3 Re8 29. e4 Qh4 30. e5 Qg3 31. Rf1 Rxe5 32. Rf3 Re1+ 33. Rxe1 Qxe1+ 34. Rf1 Qd2 35. Rf2 Qd4 0-1